000 00362nam a2200157Ia 4500
008 210210b1948 xxu||||| |||| 00| 0 eng d
041 _aeng
082 _a822/1073
100 _aSECKER (M)
245 _aEighteen nineties
260 _aLondon
_bNot Mentioned
_c1948
650 _anineties
650 _aEighteen
690 _aEnglish Prose
906 _a013256
999 _c132114
_d132114